| 000 -ლიდერი |
| ფიქსირებული სიგრძის საკონტროლო ველი |
00797nam a22001817a 4500 |
| 003 - საკონტროლო ნომრის იდენტიფიკატორი |
| საკონტროლო ველი |
Ge_BSU |
| 005 - ბოლო ოპერაციის თარიღი და დრო |
| საკონტროლო ველი |
20230412154549.0 |
| 008 - ფიქსირებული სიგრძის მონაცემთა ელემენტები - ზოგადი ინფორმაცია |
| ფიქსირებული სიგრძის საკონტროლო ველი |
230412s2008 ge ||||| |||| 00| 0 geo d |
| 041 ## - ენის კოდი |
| Language code of text/sound track or separate title |
geo |
| 080 ## - უნივერსალური ათობითი კლასიფიკაციის ინდექსი |
| Universal Decimal Classification number |
008(479.22)(092) დ-15 |
| 245 ## - ცნობა სათაურის შესახებ |
| Title |
დავით ციციშვილი (ციცკა), 1929-1996 / |
| Statement of responsibility, etc |
[ბოლოსიტყვ. ავტ. მერაბ ბერძენიშვილი]. |
| 264 ## - წარმოების, გამოცემის, დისტრიბუციის და სხვა ცნობები |
| გამოცემის, წარმოების, დისტრიბუციის... ადგილი |
[თბილისი], |
| გამოცემის, წარმოების, დისტრიბუციის... თარიღი |
[2008]. |
| 300 ## - ფიზიკური აღწერა |
| Extent |
45 გვ.; |
| Other physical details |
20სმ. |
| 653 ## - INDEX TERM--UNCONTROLLED |
| Uncontrolled term |
ციციშვილი დავით |
| 653 ## - INDEX TERM--UNCONTROLLED |
| Uncontrolled term |
ქართული კულტურის მოღვაწეები |
| 700 ## - ADDED ENTRY--PERSONAL NAME |
| Personal name |
ბერძენიშვილი, მერაბ |
| Relator term |
ბოლოსიტყვ. ავტორი |
| 9 (RLIN) |
17639 |
| 942 ## - ADDED ENTRY ELEMENTS (KOHA) |
| Source of classification or shelving scheme |
|
| Koha item type |
წიგნი |